000 00745nam a2200253 a 4500
001 000012553
003 DO-SdBNP
005 20170929110229.0
007 000012553
008 091113s 2007 dr 000 j spa d
040 _aBPMSU
_bspa
_cBPMSU
082 4 _aRD863.44
_bM516t
100 1 _aMejía Castillo, William Darío
245 1 3 _aEl taladro del tiempo /
_cWilliam Mejía
250 _a2a. ed.
260 _aSantiago de los Caballeros, República Dominicana:
_bDrapey,
_c2007
300 _a92 p. ;
_c20 cm.
650 4 _aCUENTOS DOMINICANOS
650 4 _aLITERATURA DOMINICANA
910 _aValidado. Control de calidad MFF
942 _2ddc
_cBK
945 _aInventariado / 2017 VM
956 _aVMATEO
_b10
_c20150428
_lBPMSU
_h00151
999 _c7734
_d7734